[Event "AUTO-ADV-3829"]
[Site "http://www.queenalice.com/game.php?id=1476909"]
[Date "2017.5.6"]
[Round "1"]
[White "favelas1"]
[Black "renato"]
[Result "0-1"]
[WhiteElo "1618"]
[BlackElo "1876"]

1. e4 c5 2. Nf3 e6 3. c3 a6 4. d4 cxd4 5. cxd4 Be7 6. a3 b5 7. b4 Bb7 8. Bd3 Nc6
9. Nc3 Nf6 10. O-O d6 11. Bg5 h6 0-1

[Event "AUTO-ADV-3829"]
[Site "http://www.queenalice.com/game.php?id=1476924"]
[Date "2017.5.6"]
[Round "1"]
[White "fabricioprado"]
[Black "favelas1"]
[Result "1-0"]
[WhiteElo "1712"]
[BlackElo "1450"]

1. e4 c5 2. Nf3 d6 3. d4 cxd4 4. Nxd4 Nf6 5. Nc3 a6 6. Bc4 e6 7. Bg5 Be7 8. O-O
Qc7 9. Bb3 Nbd7 10. Qf3 b5 11. a3 Rb8 12. Nde2 a5 13. a4 Ba6 14. Rfe1 O-O 15.
Rab1 b4 16. Na2 Bc4 17. Nec1 d5 18. exd5 Bxd5 19. Bxd5 exd5 20. Qe2 Rfe8 21. Nd3
Kf8 22. Qd2 h6 23. Bxf6 Bxf6 24. b3 Bc3 25. Nxc3 Qxc3 26. Rxe8+ Rxe8 27. Qxc3
bxc3 28. Re1 Rxe1+ 29. Nxe1 d4 30. Nd3 Nb6 31. Ne5 1-0

[Event "AUTO-ADV-3829"]
[Site "http://www.queenalice.com/game.php?id=1476925"]
[Date "2017.5.6"]
[Round "1"]
[White "favelas1"]
[Black "fabricioprado"]
[Result "0-1"]
[WhiteElo "1444"]
[BlackElo "1718"]

1. e4 e5 2. Nf3 Nc6 3. Bb5 d6 4. O-O Bd7 5. Re1 Nf6 6. d3 Be7 7. h3 O-O 8. Nbd2
a6 9. Ba4 b5 10. Bb3 Na5 11. c3 Nxb3 12. axb3 c5 13. Nf1 Qb6 14. Be3 Qc6 15. Ng3
Rfb8 16. Nh2 b4 17. c4 a5 18. Ng4 Qc8 19. Nxf6+ Bxf6 20. f4 exf4 21. Bxf4 Be7
22. Kh2 Bh4 23. Bxd6 Rb6 24. Bf4 Rg6 25. Re3 Bxg3+ 26. Rxg3 Rxg3 27. Bxg3 Be6
28. d4 cxd4 29. Qxd4 h6 30. c5 Ra6 31. Bd6 Bd7 0-1

[Event "AUTO-ADV-3829"]
[Site "http://www.queenalice.com/game.php?id=1476936"]
[Date "2017.5.6"]
[Round "1"]
[White "favelas1"]
[Black "bobjgirl"]
[Result "0-1"]
[WhiteElo "1626"]
[BlackElo "2363"]

1. e4 Nf6 2. e5 Nd5 3. d4 g6 4. c3 Bg7 5. Bc4 Nb6 6. Bb3 O-O 7. Nf3 d6 8. O-O
Bg4 9. Nbd2 dxe5 10. h3 Bxf3 11. Nxf3 exd4 12. cxd4 Nc6 13. Be3 Nd5 14. Qd2 Nxe3
15. fxe3 e5 16. d5 Ne7 17. e4 Qd6 18. Rad1 a5 19. Bc4 Qc5+ 20. Kh1 Qxc4 21. Rc1
Qxe4 22. Rxc7 Nxd5 23. Re1 Qxe1+ 24. Nxe1 Nxc7 25. b3 Ne6 26. Qd5 b6 27. Nc2
Rfd8 28. Qe4 Rac8 29. Kh2 f5 30. Qb7 Rxc2 31. Qxb6 Kf7 0-1

[Event "AUTO-ADV-3829"]
[Site "http://www.queenalice.com/game.php?id=1476937"]
[Date "2017.5.6"]
[Round "1"]
[White "bobjgirl"]
[Black "favelas1"]
[Result "1-0"]
[WhiteElo "2362"]
[BlackElo "1628"]

1. d4 Nf6 2. c4 g6 3. Nf3 Bg7 4. Nc3 d6 5. e4 O-O 6. Be2 e5 7. O-O Nc6 8. d5 Ne7
9. Ne1 c5 10. dxc6 bxc6 11. c5 d5 12. exd5 Nfxd5 13. Ne4 f5 14. Nd6 Qa5 15. Qc2
Nb4 16. Qc4+ Nbd5 17. Bg5 Qc7 18. Rd1 h6 19. Bc1 Bd7 20. b4 Nc8 21. Nb5 Qd8 22.
Rxd5 Kh7 23. Rxd7 Qxd7 24. Nc3 Ne7 25. Nc2 f4 26. Bf3 Rf5 27. Rd1 Qc8 28. Bg4
Rb8 29. Ne4 h5 30. Bxf5 Qxf5 31. Ne1 1-0

[Event "AUTO-ADV-3832"]
[Site "http://www.queenalice.com/game.php?id=1477728"]
[Date "2017.5.12"]
[Round "1"]
[White "favelas1"]
[Black "maurice91"]
[Result "0-1"]
[WhiteElo "1580"]
[BlackElo "1854"]

1. e4 c6 2. d4 g6 3. Nf3 Bg7 4. c4 d5 5. Nc3 dxe4 6. Nxe4 Bg4 7. Be3 Nf6 8. Nc3
O-O 9. Be2 Nbd7 10. Qd2 e6 11. h3 Bxf3 12. Bxf3 Nb6 13. Be2 Rc8 14. h4 h5 15. b3
Re8 16. f4 Nbd7 0-1

[Event "AUTO-ADV-3832"]
[Site "http://www.queenalice.com/game.php?id=1477729"]
[Date "2017.5.12"]
[Round "1"]
[White "maurice91"]
[Black "favelas1"]
[Result "1-0"]
[WhiteElo "1859"]
[BlackElo "1575"]

1. d4 Nf6 2. c4 g6 3. g3 Bg7 4. Bg2 d6 5. Nc3 O-O 6. e4 Nbd7 7. Nge2 e5 8. f3 c6
9. Be3 h6 10. Qd2 Kh7 11. d5 c5 12. f4 a6 13. h4 Ng4 14. fxe5 Bxe5 15. Bf4 Ndf6
16. Bf3 1-0

[Event "AUTO-ADV-3832"]
[Site "http://www.queenalice.com/game.php?id=1477730"]
[Date "2017.5.12"]
[Round "1"]
[White "favelas1"]
[Black "worldwide"]
[Result "0-1"]
[WhiteElo "1465"]
[BlackElo "1902"]

1. e4 e5 2. Nf3 d6 3. d4 exd4 4. Nxd4 Nf6 5. Nc3 Be7 6. Bg5 b6 7. Be2 Bb7 8. f3
h6 9. Be3 Nc6 10. O-O Nxd4 11. Bxd4 Qd7 12. Bd3 Nh5 13. Ne2 O-O-O 14. c4 Bf6 15.
a4 Nf4 0-1

[Event "AUTO-ADV-3832"]
[Site "http://www.queenalice.com/game.php?id=1477731"]
[Date "2017.5.12"]
[Round "1"]
[White "worldwide"]
[Black "favelas1"]
[Result "1-0"]
[WhiteElo "1900"]
[BlackElo "1467"]

1. e4 e5 2. f4 d6 3. f5 Nf6 4. d3 c6 5. Nc3 d5 6. Qf3 Bb4 7. Bd2 dxe4 8. dxe4
Nbd7 9. Nh3 h6 10. Bc4 b5 11. Bb3 a5 12. a4 Ba6 13. O-O O-O 14. Qg3 Re8 15. Bxh6
1-0

[Event "AUTO-ADV-3832"]
[Site "http://www.queenalice.com/game.php?id=1477732"]
[Date "2017.5.12"]
[Round "1"]
[White "favelas1"]
[Black "Eggchaser"]
[Result "0-1"]
[WhiteElo "1437"]
[BlackElo "1789"]

1. e4 d6 2. d4 Nf6 3. Nc3 g6 4. Be2 Bg7 5. Be3 O-O 6. f4 Nbd7 7. Nf3 a6 8. Qd2
b5 9. a3 Bb7 10. O-O c5 11. f5 Ng4 12. Bf4 b4 13. axb4 cxb4 14. Nd1 a5 15. c3
Bxe4 16. h3 Ngf6 0-1

[Event "AUTO-ADV-3832"]
[Site "http://www.queenalice.com/game.php?id=1477733"]
[Date "2017.5.12"]
[Round "1"]
[White "Eggchaser"]
[Black "favelas1"]
[Result "1-0"]
[WhiteElo "1787"]
[BlackElo "1439"]

1. e4 c5 2. Nf3 d6 3. d4 cxd4 4. Nxd4 Nf6 5. Nc3 a6 6. Bg5 e6 7. f4 Be7 8. Qf3
Bd7 9. O-O-O Nc6 10. Nb3 b5 11. a3 b4 12. axb4 Nxb4 13. Bxf6 Bxf6 14. Rxd6 O-O
15. e5 Be7 16. Rd2 1-0